书目信息 |
| 题名: |
中国城市社区建设概论
|
|
| 作者: | 唐忠新 著 | |
| 分册: | ||
| 出版信息: | 天津 天津人民出版社 2000.10 |
|
| 页数: | 299页 | |
| 开本: | 21cm | |
| 丛书名: | ||
| 单 册: | ||
| 中图分类: | C912.8 | |
| 科图分类: | ||
| 主题词: | 区域社会学 | |
| 电子资源: | ||
| ISBN: | 7-201-03632-7 | |
| 000 | 00550nam0 2200193 45 | |
| 001 | 0205150939 | |
| 005 | 20041203094555.8 | |
| 010 | @a7-201-03632-7@dCNY18.00 | |
| 100 | @a20020515d2000 km y0chiy0120 ea | |
| 101 | 0 | @achi |
| 105 | @a z 000yy | |
| 200 | 1 | @a中国城市社区建设概论@AZhong Guo Cheng Shi She Qu Jian She Gai Lun@f唐忠新著@FTang Zhong Xin Zhu |
| 210 | @a天津@c天津人民出版社@d2000.10 | |
| 215 | @a299页@d21cm | |
| 606 | 0 | @a区域社会学 |
| 690 | @aC912.8@v4 | |
| 701 | @a唐忠新@4著 | |
| 801 | @aCN@bTSTC@c20020515 | |
| 905 | @dC912.8@e273 | |
| 中国城市社区建设概论/唐忠新著.-天津:天津人民出版社,2000.10 |
| 299页;21cm |
| ISBN 7-201-03632-7:CNY18.00 |
| ● |
| 相关链接 |
|
|
|
|
正题名:中国城市社区建设概论
索取号:C912.8/273
 
预约/预借
| 序号 | 登录号 | 条形码 | 馆藏地/架位号 | 状态 | 备注 |
| 1 | 0309859 | 203098593 | 第一借阅区/ [索取号:C912.8/273] | 在馆 | |
| 2 | 0309860 | 203098600 | 教育系资料室/ [索取号:C912.8/273] | 在馆 | |
| 3 | 0309861 | 203098619 | 第一借阅区/ [索取号:C912.8/273] | 在馆 | |
| 4 | 0309862 | 203098628 | 教育系资料室/ [索取号:C912.8/273] | 在馆 | |
| 5 | 0309863 | 203098637 | 第一样本阅览室/ [索取号:C912.8/273] | 在馆 |